000 00546nam a22001817a 4500
999 _c21057
_d21057
003 AR-CdUCM
008 190726b ||||| |||| 00| 0 spa d
020 _a978-987-27955-6-6
040 _aMUNICIPALIDAD PROVINCIAL DEL CUSCO
_cBIBLIOTECA MUNICIPAL DEL CUSCO
082 _aES / 808.83 /
_bAR66
100 _aAraoz, Cristina
_982
245 _aPara bajitos /
260 _aArgentina :
_bSade San Luis,
_c2012.
300 _a80 páginas ;
_bilustraciones ;
_c21 cm.
650 _aCuentos para niños
_933104
942 _2ddc
_cLIBROS
945 _azta